Miasta o największej gęstości zaludnienia w Polsce - Statystyki

Ogólne statystyki
  • Ten quiz został rozwiązany 95 razy
  • Średni wynik to 5 z 15
Statystyki odpowiedzi
Województwo Miasto % Poprawnych
mazowieckie Warszawa
96%
podlaskie Białystok
49%
mazowieckie Legionowo
46%
mazowieckie Pruszków
42%
mazowieckie Piaseczno
37%
śląskie Chorzów
34%
warmińsko - mazurskie Ełk
27%
mazowieckie Ząbki
27%
śląskie Świętochłowice
25%
wielkopolskie Swarzędz
22%
mazowieckie Piastów
18%
mazowieckie Mińsk Mazowiecki
17%
mazowieckie Żyrardów
14%
wielkopolskie Nowy Tomyśl
5%
wielkopolskie Nowe Skamielrzyce
0%
Nie znaleziono quizów pasujących do podanych kryteriów
Rozkład punktacji
Procent ludzi z każdym wynikiem
Percentyl według liczby udzielonych odpowiedzi
Twoja historia wyników
Nie rozwiązałeś tego quizu